Adivina el famoso - Estadísticas

Estadísticas generales
  • Esta prueba ha sido intentada 344 veces
  • La puntuación promedio es 7 de 16
Estadísticas de respuestas
Imagen Respuesta % Correcto
Taylor Swift
96%
Florentino Pérez
72%
Lucas Vázquez
62%
Margot Robbie
60%
El hombre de negro
54%
James Charles
44%
Eva Soriano
39%
Zelensky
37%
Cara Delevigne
36%
Kevin Jonas
35%
Benny Blanco
34%
Zoe Saldaña
34%
Belén Cuesta
32%
Stevie Wonder
24%
Caitlyn Jenner
23%
Dylan Minnette
17%
No se encontraron pruebas coincidentes
Distribución de puntuación
Porcentaje de gente con cada puntuación
Porcentaje por número respondido
Historial de tus puntuaciones
No has intentado esta prueba.